Count to 10 in Filipino - Statistics

General Stats
  • This quiz has been taken 130 times
  • The average score is 9 of 10
Answer Stats
Number Number in Filipino % Correct
One Isa
98%
Two Dalawa
97%
Five Lima
97%
Three Tatlo
97%
Six Anim
95%
Four Apat
95%
Seven Pito
92%
Eight Walo
92%
Ten Sampu
87%
Nine Siyam
86%
No matching quizzes found
Score Distribution
Percent of People with Each Score
Percentile by Number Answered
Your Score History
You have not taken this quiz